00972nam a2200253Ia 4500003000400000005001700004008004100021020001800062040001800080041000800098082002300106100003000129245006800159250001200227260007000239300003400309650003500343650004300378650004400421700002700465942003600492999001900528952017100547OSt20241001122610.0210716s2011 xx 000 0 und d a9788184049459 cAIMIT LIBRARY aeng a005.1332 24bALBJ aAlbahari, Joseph.9181039 aC# 4.0: bin a nutshell /cBy Joseph Albahari and Ben Albahari. a4th ed. aNew Delhi :bShroff Publishers and Distributors Pvt Ltd ;c2011. axviii,1025,21p. ;bPBc23 cm. aFramework fundamentals9181040 aDiagnostics and code contracts9181041 aNative and COM interoperability9181042 aAlbahari, Ben.9181043 2ddccBKe4th ed.k005.1332 ALBJ c192485d192485 00102ddc40708MCAaAIMITbAIMITeKnowledge Worldg725.00iBill no:16/12-13; Bill dt:2012-0l0o005.1332 ALBJpMCA11993r2025-07-21 00:00:00v543.75w2021-07-16yBK